000 01044cam a2200301 a 4500
008 121224s1989 fr g 000 0 fre
020 _a9782253050858
040 _aDLC
_cDLC
_dEG-GiCUC
050 0 0 _aPQ2673.I7
_bT75 1989
082 0 0 _a841.914
_221
092 0 4 _a841.914
_bT838
_221
099 _a04
_a841.914 T838
245 0 0 _aTristan et Iseut:
_bles poemes Francais, la saga norroise /
_ctextes originaux et interaux presentes, traduits et commentes par Daniel Lacroix, et Philippe Walter.
260 _aParis :
_bLa Livre de Roche,
_cc1989.
300 _a665 p. ;
_c18 cm.
600 1 0 _aBedier, Joseph,
_d1864-1938.
650 0 _aFrench poetry
_y19th century.
650 0 _aIseult (Legendary character)
650 0 _aTristan (Legendary character)
700 1 _aBedier, Joseph,
_d1864-1938.
_tRoman de Tristan et Iseut.
700 1 _aLacroix, Daniel.
700 1 _aWalter, Philippe.
902 _a1
905 _aEman
_eRev.
905 _aJamal
_eCat.
942 _2ddc
_cBK
999 _c127472
_d127472